[Event "VIE-ch U11"]
[Site "Ho Chi Minh City"]
[Date "2014.07.17"]
[Round "8"]
[White "Bui, Nhat Quang"]
[Black "Ngo, Hoang Long"]
[Result "0-1"]
[WhiteElo "1441"]
[BlackElo "1954"]
[PlyCount "82"]
[EventDate "2014.07.13"]
[EventType "swiss"]
[EventRounds "9"]
[EventCountry "VIE"]
[SourceTitle "EXT 2016"]
[Source "ChessBase"]
[SourceDate "2015.10.08"]
[SourceVersion "1"]
[SourceVersionDate "2015.10.08"]
[SourceQuality "1"]

1. e4 e6 2. d4 d5 3. Nd2 dxe4 4. Nxe4 Nd7 5. Nf3 Ngf6 6. Bd3 Nxe4 7. Bxe4 Nf6 8. Bg5 Be7 9. Bxf6 Bxf6 10. 0-0 0-0 11. c3 c6 12. Qc2 h6 13. h3 Qc7 14. Rfe1 b6 15. Rad1 Bb7 16. Qe2 Rfd8 17. Bc2 c5 18. dxc5 Qxc5 19. Rd3 Rxd3 20. Qxd3 Rd8 21. Qh7+ Kf8 22. Rd1 Rxd1+ 23. Bxd1 Ke7 24. Qg8 Qc7 25. Ba4 Bc6 26. Bxc6 Qxc6 27. Qb8 Qd7 28. Qg3 Qd1+ 29. Kh2 Qd6 30. h4 Kd7 31. Kh3 Qxg3+ 32. Kxg3 Kd6 33. Kf4 Kd5 34. Ke3 Be7 35. b4 Kc4 36. Ne5+ Kxc3 37. Nxf7 Bxb4 38. Nd8 Kb2 39. Nxe6 Bc3 40. Nc7 Bf6 41. a3 Bxh4 0-1